[Event "EU-Cup 29th"]
[Site "Rhodes"]
[Date "2013.10.24"]
[Round "5.1"]
[White "Svidler, Peter"]
[Black "Nakamura, Hikaru"]
[Result "0-1"]
[WhiteElo "2740"]
[BlackElo "2783"]
[Annotator "Krasenkow,M"]
[PlyCount "58"]
[EventDate "2013.10.20"]
[EventType "team-swiss"]
[EventRounds "7"]
[EventCountry "GRE"]
[SourceTitle "CBM 157"]
[Source "ChessBase"]
[SourceDate "2013.11.12"]
[SourceVersion "1"]
[SourceVersionDate "2013.11.12"]
[SourceQuality "1"]
[WhiteTeam "St Petersburg"]
[BlackTeam "Padova"]
[WhiteTeamCountry "RUS"]
[BlackTeamCountry "ITA"]

1. d4 Nf6 2. c4 g6 3. Nc3 Bg7 4. e4 d6 5. h3 O-O 6. Bg5 Na6 7. f4 $6 {An
unusual and hardly effective combination of opening moves.} Nh5 (7... Qe8 {
[%cal Ye7e5] is good, too:} 8. Nf3 (8. Bd3 e5 (8... c5 $5) 9. fxe5 dxe5 10. d5
Nh5 11. Nge2 f5 12. Qd2 Nc5 13. Bc2 fxe4 14. Nxe4 Nxe4 15. Bxe4 Bf5 16. Bxf5
gxf5 17. O-O-O Qg6 $36 {1-0 (56) Arbakov,V (2471)-Kurnosov,I (2287) Alushta
2000}) 8... e5 $5 (8... Nh5 9. g4 Ng3 10. Rg1 Nxf1 11. Kxf1 e6 12. Qd2 f6 13.
Bh4 c6 14. Bg3 f5 $132 {1/2 (22) Kuzenkov,A (2375)-Sonzogno,A (2560) ICCF 1998}
) 9. fxe5 dxe5 10. d5 (10. Nxe5 c5 $1) (10. dxe5 Nd7) 10... Nh5 {with
excellent play for Black.}) 8. Nge2 c5 $1 $146 {[%mdl 8]} (8... h6 9. Bh4 f5 $6
10. exf5 gxf5 11. g3 Qe8 12. Bg2 e5 13. dxe5 dxe5 14. fxe5 Qxe5 15. Qd5+ Qxd5
16. Bxd5+ Kh7 17. Bf3 Nf6 18. O-O-O $14 {1/2 (26) Spassky,B (2545)-Polgar,J 
(2665) Hoogeveen 1998 EXT 1999 [Hazai]}) (8... f6 9. Bh4 Bh6 10. Qd2 (10. f5
$142 $1 $13) 10... e5 11. dxe5 dxe5 12. Qxd8 Rxd8 13. Nd5 g5 14. Nxf6+ Nxf6 15.
fxg5 Nb4 $17 {0-1 (31) Fischer,J (2355)-Kaminik,A (2190) Bad Wiessee 2000}) 9.
d5 b5 $5 {This aggressive play in the spirit of the Benko Gambit is justified
by the fact that White's kingside is seriously weakened.} (9... Nc7 10. g4 Nf6
11. Bg2 {is more passive.}) 10. cxb5 Nc7 11. a4 Rb8 12. g4 Nf6 13. Ng3 (13. Bg2
a6 14. Qb3 {, to gain some time for development while Black will be dealing
with recapturing the b-pawn, is still in Black's favour:} axb5 15. axb5 Bd7 16.
b6 Nb5 $1 17. Na4 (17. Nxb5 Qxb6) 17... Be8 18. O-O Nd7 $1 $15) 13... h6 (13...
a6 $5 14. Bd3 axb5 15. axb5 Nd7) 14. Bh4 Nh7 15. Qd2 a6 16. Bc4 (16. e5 $1 dxe5
17. Nge4 {was a good tactical chance leading to unclear complications.}) 16...
axb5 17. axb5 Bd7 {Now Black simply recaptures the b5-pawn and obtains the
better prospects.} 18. e5 $6 {Too late!} (18. Nge2 $142 Nxb5 19. O-O) 18...
Bxb5 $1 19. Nxb5 (19. b3 Bxc4 20. bxc4 dxe5 21. Nge4 exf4 22. d6 Ng5 23. dxc7
Qxc7 24. Bxg5 hxg5 25. O-O Bd4+ 26. Kg2 Qe5 $17) 19... Nxb5 20. Qa5 $2 (20. Qd3
$142 Nd4 21. Ne4 Rxb2 22. O-O {with some counterplay for the pawn.}) 20... Qe8
$1 21. O-O g5 22. Nf5 gxh4 {Black has won a whole piece: too high a price for
some activity for White's pieces!} 23. Rae1 dxe5 24. Rxe5 Bxe5 25. fxe5 e6 26.
Nxh6+ Kg7 27. Qd2 Qd8 28. Rf6 Nd4 29. Nxf7 Nxf6 0-1

[Event "WchT 9th"]
[Site "Antalya"]
[Date "2013.11.27"]
[Round "2.1"]
[White "Nakamura, Hikaru"]
[Black "Kramnik, Vladimir"]
[Result "1-0"]
[WhiteElo "2786"]
[BlackElo "2793"]
[Annotator "Krasenkow,M"]
[PlyCount "99"]
[EventDate "2013.11.26"]
[EventType "team-tourn"]
[EventRounds "9"]
[EventCountry "TUR"]
[SourceTitle "CBM 158"]
[Source "ChessBase"]
[SourceDate "2014.01.16"]
[SourceVersion "1"]
[SourceVersionDate "2014.01.16"]
[SourceQuality "1"]
[WhiteTeam "US of America"]
[BlackTeam "Russia"]
[WhiteTeamCountry "USA"]
[BlackTeamCountry "RUS"]

1. d4 Nf6 2. c4 e6 3. Nc3 Bb4 4. Qc2 O-O 5. a3 Bxc3+ 6. Qxc3 d5 7. Nf3 dxc4 8.
Qxc4 b6 9. Bg5 Ba6 10. Qc3 {A rare continuation in this popular line.} (10. Qa4
{and}) (10. Qc2 {are usually played. In the latter case after} Nbd7 11. Ne5 {
doesn't promise anything due to} c5 $1 {, e.g.} 12. Nxd7 Qxd7 13. Bxf6 gxf6 14.
dxc5 Rac8 15. Rd1 Qb5 16. e3 Qa5+ 17. Qd2 Qxd2+ 18. Rxd2 Bxf1 19. Rxf1 Rxc5 $11
{1/2 (64) Rotstein,A (2519)-Tischbierek,R (2507) Austria 2004}) 10... h6 (10...
Nbd7 {is quite logical; White can play} 11. Ne5 (11. Qc6 Rc8 12. Rd1 Nb8 13.
Qa4 Qd5 14. Bxf6 gxf6 15. h4 Bc4 16. Qb4 Bb3 17. Rd3 Bc2 18. Rd2 c5 $132 {
1/2 (40) Shen,Y (2453)-Xu Yuhua (2485) JinZhou 2009}) {but it is hardly
dangerous in view of} 11... Nxe5 ({the idea of 10.Qc3 is seen in the line} 
11... c5 12. Nxd7 Qxd7 13. Bxf6 gxf6 14. dxc5 {[%cal Rc3f6]}) 12. dxe5 Ne4 13.
Bxd8 Nxc3 {, e.g.} 14. Bxc7 (14. Bh4 Nd5) 14... Rfc8 15. Bd6 Ne4 {[%cal Rc8c2]}
16. f3 Nxd6 17. exd6 Rc2 18. e4 Bxf1 19. Rxf1 Rxg2 20. Rc1 Rd8 21. Rf2 Rg1+ 22.
Rf1 Rg2 23. Rf2 Rg1+ 24. Rf1 Rg2 {1/2 (24) Shen,Y (2435)-Xu Yuhua (2488)
Ulaanbaatar 2010}) 11. Bxf6 $1 (11. Bh4 $143 g5 12. Bg3 Ne4 13. Qc2 Qd5 14. Nd2
(14. Ne5 $5 $13) 14... Nxd2 15. Qxd2 Nc6 16. e3 Bxf1 17. Rxf1 Na5 $15 {1/2 (41)
Maiorov,N (2538)-Lekic,D (2430) Anogia GRE 2013}) 11... Qxf6 12. g3 $5 (12. e3
Bxf1 13. Kxf1 c5 $1 $11) (12. Rc1 Bb7 (12... Rc8 13. e3 Bxf1 14. Kxf1) 13. e3
Nd7 14. Bb5 c6 15. Be2 c5 $11) 12... Bb7 {A small inaccuracy. The bishop was
putting pressure on the e2-square; there was no need to remove it.} (12... c5 {
was quite possible and simple:} 13. dxc5 (13. Bg2 Nd7 14. Ne5 Rad8) 13... Qxc3+
14. bxc3 Rc8 $1 15. Bg2 Bb7 16. cxb6 axb6 {, and Black's counterplay is enough
for a draw}) 13. Bg2 Na6 $6 {[%mdl 32] To the edge of the board?} (13... c5 14.
O-O Nd7 {was still quite good.}) 14. O-O c5 15. Rac1 Rac8 (15... cxd4 16. Qxd4
Qxd4 (16... Qe7 17. b4) 17. Nxd4 Bxg2 18. Kxg2 {leads to a typical endgame,
where White's knight, aiming at the c6 square, is stronger than Black's.}) 16.
Ne5 cxd4 (16... Qe7 17. Rfd1 Rfd8 18. Qe3 $14 cxd4 $140 19. Rxc8 $1 Rxc8 20.
Rxd4) 17. Qxd4 Bxg2 18. Kxg2 $14 {Here, too, White keeps the better prospects
due to his stronger knight.} Nc5 19. b4 (19. Qe3 $5 Qe7 20. Rfd1 {[%cal Rb2b4]
deserved attention. It was not easy for Black to release pressure. The text
move leads to a more forced play, in which White keeps an edge, too.}) 19...
Nb3 20. Rxc8 Rxc8 ({Also after} 20... Nxd4 21. Rxf8+ Kh7 22. Nxf7 Qf5 $1 {
White keeps an edge with accurate play:} 23. f3 $1 (23. h4 Qe4+ 24. f3 Qxe2+
25. Rf2 Qe1 $132) 23... Nxe2 (23... Qb5 $143 24. Rd8 Qxe2+ 25. Rf2 Qe3 26. h4
$16) 24. Re1 $1 Qc2 (24... Nd4 $2 25. Rh8+ Kg6 26. Ne5+) 25. Rh8+ Kg6 26. Ne5+
Kh5 (26... Kf6 27. Kf1 $1) 27. Kf1 $1 (27. Kh3 Qd2 $1 28. Rf1 Qe3 $13) 27...
Nc1 28. Re4 Qd1+ 29. Kg2 Qc2+ 30. Kh3 $16 {[%csl Rh5]}) 21. Qd7 {[%csl Rb3]}
Rf8 (21... Rd8 22. Qc7 {[%cal Re5f7]} Rd2 (22... Nd4 23. Rd1) 23. Nd7 $16) 22.
f4 $16 {Black's main trouble is his ill-fated knight.} Qf5 23. Rf3 Qc2 24. Qd3
$1 Qxd3 25. Rxd3 {[%mdl 4096]} Nc1 26. Rd2 (26. Rd7 $5 Nxe2 27. Rxa7 $16 {
was more energetic - White has more active pieces and a potential passed
a-pawn.}) 26... Rc8 (26... Nb3 27. Rd7 a5 28. Rb7) 27. h4 h5 28. b5 Rc7 29. Nc6
Kh7 (29... Nb3 30. Rd8+ Kh7 31. Ra8 {. With the text move Black parries this
threat but now his knight doesn't come out.}) 30. Rb2 $1 a5 {After this move
the b6 pawn becomes weak but passive defence was hardly more stubborn:} (30...
f6 31. Kf2 Rd7 32. Ke3 Kg6 33. Rb4 {[%cal Yb4a4,Ya4a7]}) (30... a6 $2 {loses
due to} 31. Rc2 {[%cal Rc2c1,Rb5a6]}) 31. Kf2 Rd7 32. Ne5 Rc7 33. Rd2 (33. Ke3
$5) 33... f6 34. Nd7 {[%cal Rd7b6,Rd7f8]} Nb3 35. Nf8+ (35. Rd1 $6 Nc5 36. Nxb6
Rb7) ({The rook ending after} 35. Rd6 Nc5 36. Nxc5 Rxc5 37. Rxb6 Rc3 {gives
Black good drawing chances}) 35... Kg8 36. Rd7 Rxd7 $2 {The knight endgame
with an extra pawn is completely winning for White.} (36... Rc3 $1 {was a must,
and Black should apparently survive:} 37. Nxe6 Nc5 38. Rxg7+ (38. Nxc5 Rxc5 39.
a4 Rc4 40. Rb7 Rxa4 41. Rxb6 Rb4) 38... Kh8 39. Re7 Ne4+ 40. Kf1 Nxg3+ 41. Ke1
Rxa3 {etc.}) 37. Nxd7 Nd4 (37... a4 38. Ke3 $18) 38. a4 $1 Nxb5 {Desperation.
Black's a-pawn will be stopped.} 39. axb5 a4 40. Nc5 $1 a3 41. Nb3 a2 42. Ke3
Kf7 43. Kd4 Ke7 44. e4 {[%cal Yd4c3,Yc3b2]} e5+ 45. fxe5 Ke6 46. Na1 fxe5+ 47.
Kc3 g5 (47... Kd6 48. Nb3) 48. Kb2 gxh4 49. gxh4 Kd6 50. Nb3 1-0

[Event "Tata Steel-A 76th"]
[Site "Wijk aan Zee"]
[Date "2014.01.11"]
[Round "1"]
[White "Nakamura, Hikaru"]
[Black "Naiditsch, Arkadij"]
[Result "1-0"]
[WhiteElo "2789"]
[BlackElo "2718"]
[Annotator "Sumets,A"]
[PlyCount "129"]
[EventDate "2014.01.11"]
[EventType "tourn"]
[EventRounds "11"]
[EventCountry "NED"]
[EventCategory "20"]
[SourceTitle "CBM 159"]
[Source "ChessBase"]
[SourceDate "2014.03.17"]
[SourceVersion "1"]
[SourceVersionDate "2014.03.17"]
[SourceQuality "1"]

1. d4 Nf6 2. c4 e6 3. Nc3 Bb4 4. Qc2 O-O 5. a3 {The main line and probably the
strongest one. The disadvantage of the line is that Black has too many
interesting options, that promise him an equal game.} Bxc3+ 6. Qxc3 b6 (6... d5
7. Nf3 dxc4 8. Qxc4 b6 9. Bg5 Ba6 10. Qc3 {a very rare line} h6 11. Bxf6 Qxf6
12. g3 Bb7 13. Bg2 Na6 (13... c5 $5 14. O-O Nd7) 14. O-O c5 15. Rac1 Rac8 16.
Ne5 cxd4 $6 17. Qxd4 Bxg2 18. Kxg2 Nc5 19. b4 Nb3 20. Rxc8 Rxc8 21. Qd7 $16 {
1-0 (50) Nakamura,H (2786)-Kramnik,V (2793) Antalya TUR 2013}) (6... b5 {
This gambit line was often played by Naiditsch} 7. cxb5 c6 8. Bg5 cxb5 9. e3
Bb7 10. Nf3 h6 11. Bh4 g5 (11... a6 12. Bd3 d6 13. O-O Nbd7 14. Rfc1 Qb6 15.
Qc7 Rfc8 16. Qxb6 Nxb6 17. Bg3 Rxc1+ 18. Rxc1 Rc8 19. Rxc8+ Nxc8 20. h3 Ne4 21.
Bh2 Kf8 $11 {L'Ami,E (2628)-Nakamura,H (2751) Wijk aan Zee 2011 0-1 (43).}) 12.
Bg3 Ne4 13. Qd3 (13. Qc2 Na6 14. b4 Rc8 15. Qb2 Nc7 (15... h5 $5 16. h4 g4 17.
Ne5 d6 18. Nd3 Nxg3 19. fxg3 Nc7 $15) 16. Bd3 f5 17. O-O d6 18. Nd2 h5 $6 (
18... Nxg3 19. hxg3 Qe7 $11) 19. Bxe4 fxe4 20. h3 h4 21. Bh2 Qd7 22. Rac1 $14
Na8 $6 23. Qb1 d5 24. f3 $16 {Drozdovskij,Y (2603)-Naiditsch,A (2700) Odessa
2009 1/2 (64)}) 13... a6 14. Nd2 f5 15. Rc1 Nxg3 16. hxg3 Kg7 17. Qc3 Qc8 18.
Qxc8 Rxc8 19. Rxc8 Bxc8 20. Bd3 Ra7 {Dreev,A (2654)-Naiditsch,A (2708) Warsaw
2012 1-0 (51)} 21. f4 $5 Rc7 22. Kf2 $14) 7. Bg5 Bb7 8. e3 d6 9. f3 {or} (9.
Ne2 Nbd7 10. Qc2 h6 (10... c5 11. Nc3) 11. Bh4 c5 12. Rd1 (12. dxc5 {see the
game Morozevich,A-Moiseenko,A EU-ChT 2011 1-0 (58) annotated by Marin}) 12...
cxd4 13. Rxd4 Qc7 14. Nc3 d5 15. cxd5 Nxd5 16. Rc4 Qb8 17. Be2 Nxc3 18. Qxc3
Bd5 19. Bg3 e5 20. Rc7 Rc8 21. Rxc8+ Qxc8 22. O-O Qxc3 23. bxc3 Rc8 {1/2 (23)
Inarkiev,E (2693)-Jakovenko,D (2724) Poikovsky 2013}) 9... h6 (9... Nbd7 10.
Bd3 Rc8 11. Rc1 c5 12. Ne2 h6 13. Bh4 cxd4 14. Qxd4 d5 15. cxd5 Rxc1+ 16. Nxc1
Qc8 17. O-O Nxd5 18. e4 $6 (18. Nb3 $5 e5 (18... Ba6 19. Rc1 Qb7 20. Be4 $14)
19. Qa4 Nxe3 $6 20. Rc1 Nc5 21. Nxc5 bxc5 22. Be7 $16) 18... e5 19. Qf2 Nf4 20.
Rd1 Nc5 21. Bf1 Ba6 $11 {Danielian,E (2470)-Koneru,H (2607) Tashkent 2013 0-1 
(58)}) 10. Bh4 Nbd7 11. Bd3 {Other moves were also at the centre of discussion.
} ({A very rare line.} 11. O-O-O {See the game Gelfand,B (2700)-Anand,V (2635)
Munich 1991 1-0 (59) commented by Gelfand}) ({Up to the moment Black is OK
after} 11. Nh3 Re8 12. Be2 e5 13. O-O Qe7 14. Bf2 Nf8 15. Kh1 Ng6 16. b4 a5 17.
e4 Nh5 18. dxe5 Nhf4 19. Nxf4 Nxf4 20. Bd1 axb4 21. axb4 Rxa1 22. Qxa1 dxe5 23.
c5 Qg5 $6 (23... Nd3 $11) 24. Bg3 Ra8 25. Qc3 Ba6 26. Rg1 $14 {1-0 (77)
Eljanov,P (2761)-Polgar,J (2682) Khanty-Mansiysk 2010}) 11... c5 12. Ne2 Rc8
13. Qb3 d5 14. cxd5 Bxd5 ({According to Houdini} 14... cxd4 $5 {is not worse
than 14...Bxd5. The only game, that I managed to find in the database continued
} 15. exd4 $8 (15. Nxd4 $6 Nc5 16. Qd1 Qxd5 17. Bxf6 gxf6 $15) 15... Bxd5 16.
Qa4 Bc6 17. Qd1 b5 18. O-O Qb6 $132 {Brittner,S (2182)-Uribe,M (2364) Bled
2002 0-1 (37)}) 15. Qd1 cxd4 16. Nxd4 Bc4 17. O-O Bxd3 {The most reliable way.}
(17... a6 18. Rc1 b5 19. Bxc4 Rxc4 20. Rxc4 bxc4 21. Qa4 $14 Qb6 22. Qxc4 Qxb2
23. Qxa6 Nd5 24. Bf2 Nc5 25. Qd6 Nd3 26. Nxe6 fxe6 27. Qxe6+ Kh8 28. Qxd5 Nxf2
29. Qc5 $6 (29. Qe6 $3 {I believe that human players can't find such kind
moves.} Nd3 30. Qd6 Ra8 31. Qxd3 Rxa3 32. Qd8+ Kh7 33. Re1 Ra2 34. Qd3+ Kh8 35.
Qf1 $16) 29... Nh3+ 30. Kh1 (30. gxh3 Rf6 31. Qh5 Qe2 $44) 30... Nf2+ 31. Kg1
Nh3+ 32. Kh1 {1/2 (32) Sokolov,I (2625)-Georgiev,K (2610) Elenite 1992}) 18.
Qxd3 {White keeps some pressure in this line. Nevertheless, the most likely
outcome of the game is a draw.} Ne5 19. Qe2 Ng6 20. Bf2 $146 {A novelty that
can't change the long established verdict that the line is very drawish.} (20.
Bg3 Nd5 21. Rad1 Qe7 22. Qd2 Rfd8 23. e4 (23. Rc1 $5 Qb7 24. Rxc8 Rxc8 25. Rd1
a6 26. e4 {White has a tiny edge.}) 23... Nf6 24. Bf2 Qd7 25. Be3 Qa4 {1/2 (25)
Khalifman,A (2667) -Lutz,C (2595) New Delhi/Teheran 2000}) 20... e5 21. Nb5 Qe7
22. Rfd1 {Due to his bishop, White is slightly better. Black should avoid the
queen exchange.} Rfd8 23. Be1 (23. Rxd8+ Rxd8 24. Rc1 a6 25. Rc7 (25. Nc3 e4
26. Rd1 Rxd1+ 27. Qxd1 exf3 28. gxf3 Ne5 $11 {Black's position is at least not
worse}) 25... Qe6 26. Nc3 b5 27. e4 Nf4 28. Qc2 Qd6 29. Ra7 Qd2 $15) 23... Nd5
24. Nc3 ({Of course not} 24. e4 $4 {due to} Ngf4 25. Qf2 Ne3 $3 26. Rxd8+ Rxd8
27. Qxe3 Qg5 $19) 24... Nxc3 25. Bxc3 Rxd1+ {A premature rook exchange.} ({
I think Black should have changed the pawn structure in the centre:} 25... e4
$5 26. f4 (26. Rxd8+ Rxd8 27. Rd1 $11) 26... Qe6 27. Kf2 Ne7 $11) 26. Rxd1 Rd8
27. Rd2 Rd7 (27... Rxd2 28. Qxd2 Qg5 (28... e4 $2 29. Qd4 f6 30. Qd5+ Kh7 31.
f4 $16) 29. a4 Qf5 30. Kf2 f6 {White's advantage is insignificant.}) 28. Qd1
Nf8 29. Bb4 Rxd2 30. Qxd2 Qd7 31. Bd6 Ng6 {A bit passive.} (31... Ne6 $5 {
He could find a little tactical trick} 32. Qd5 Qc8 $1 {and White has to accept
the draw:} 33. Bxe5 (33. Qxe5 Qc1+ 34. Kf2 Qd2+ 35. Kg3 $2 (35. Kf1 $11) 35...
Qe1+ 36. Kh3 Qf2 $17) 33... Qc1+ 34. Kf2 Qc2+ 35. Kf1 Nc5 36. h3 Qb1+ 37. Kf2
Nd3+ 38. Kg3 Qe1+ 39. Kh2 Qxe3 40. Bg3 $11) 32. Kf2 f6 33. Qd5+ Kh7 34. Qd3 f5
35. h3 a5 $6 {A strange move. Black's b-pawn has clearly been exposed as a
weakling.} 36. a4 Nh4 37. b3 Qe6 38. Qd1 Qg6 $2 {It is unclear what Arkadij
overlooked, but after the obvious reply he is a piece down.} 39. g3 $1 Nxf3 $8
40. Kxf3 Qh5+ 41. g4 $8 Qxh3+ {Despite the extra bishop, It is still not easy
to win the game.} 42. Ke2 (42. Kf2 $1 Qh2+ 43. Ke1 Qh1+ 44. Kd2 Qd5+ 45. Kc1
Qc6+ 46. Kb1 $16) 42... Qxg4+ 43. Kd2 {Usually three pawns are sufficient
compensation for the bishop. However, in this case, the bishop is much
stronger.} Qe4 44. Qc2 Qg2+ 45. Kc1 Qg1+ ({Nor does} 45... Qf3 {bring any
relief:} 46. Kb2 e4 47. Qc8 h5 48. Bf4 Qe2+ 49. Ka3 Qg4 50. Qe6 Qg6 51. Qe7 $16
) 46. Kb2 e4 47. Qc8 Qg6 (47... Qg5 48. Bf4 Qf6+ 49. Qc3 $1 Qg6 (49... Qxc3+
50. Kxc3 g5 51. Bc7 h5 52. Kd2 $18) 50. Qc7 h5 51. Qe7 $16) 48. Be5 h5 49. Qd8
$16 Qg2+ 50. Ka3 Qg1 $6 (50... Qg6 {allows him to continue the resistance} 51.
Bd4 Qh6 52. Qf8 Qg6 53. Qe7 $16) 51. Qxb6 f4 52. Qb7 $1 $18 (52. Bxf4 $4 Qa1#)
52... fxe3 53. Qxe4+ Kh8 54. Bd4 Qc1+ 55. Bb2 Qc5+ 56. Ka2 Qg5 57. Bc1 h4 58.
Bxe3 Qh5 59. Bf4 Qg4 (59... h3 60. Qe6 h2 61. Qc8+ Kh7 62. Qc2+ $18) 60. Qe3 h3
61. Qg3 Qe2+ 62. Ka3 Qe7+ 63. Bd6 Qd7 64. Be5 Kg8 65. Bc3 1-0

[Event "Zuerich Chess Challenge"]
[Site "Zuerich"]
[Date "2014.01.31"]
[Round "2"]
[White "Anand, Viswanathan"]
[Black "Nakamura, Hikaru"]
[Result "0-1"]
[WhiteElo "2773"]
[BlackElo "2789"]
[Annotator "Szabo,Kr"]
[PlyCount "72"]
[EventDate "2014.01.30"]
[EventType "tourn"]
[EventRounds "5"]
[EventCountry "SUI"]
[EventCategory "22"]
[SourceTitle "CBM 159"]
[Source "ChessBase"]
[SourceDate "2014.03.17"]
[SourceVersion "1"]
[SourceVersionDate "2014.03.17"]
[SourceQuality "1"]

1. e4 e5 2. Nf3 Nc6 3. Bb5 Nf6 {Recently Anand had some games with this
opening in the World Championship match against Carlsen, who usually chose
this move against him.} 4. d3 {Anand avoids the Berlin Variation; usually he
chooses this reply.} Bc5 5. Bxc6 (5. c3) ({and} 5. O-O {are the other lines.})
5... dxc6 6. h3 {A logical decision. White wants to avoid Bg4.} Be6 {A very
ambitious answer. Nakamura would like to castle on the queenside and he tries
to attack on the kingside.} ({However} 6... O-O {is more popular. Black's
typical plan is Re8, Nd7-f8 and f6, Ne6 with a balanced game.}) 7. Nc3 Qd6 8.
O-O O-O-O 9. a3 {A nice move. White prepares for b4 followed by Na4.} ({
The logical} 9. Na4 $2 {does not work, because of} Nxe4 $1 {.}) 9... Nh5 {
Nakamura immediately starts his attack against the white K.} ({The natural} 
9... Kb8 {was an interesting alternative,} 10. b4 Bb6 11. Na4 {and now} Nxe4 {
is not so good, as} 12. Nxb6 axb6 13. Bb2 $1 $14 {and White is very active.})
10. Na4 $1 {The black N has gone from f6, so White is ready to remove Black's
dark squared B.} Bb6 ({In the event of} 10... f6 $6 11. Nxc5 Qxc5 12. Ng5 $1
fxg5 13. Be3 $1 {An important intermediate move.} Qe7 14. Qxh5 $14 {and White
has a comfortable position.}) 11. Nxb6+ axb6 12. a4 $1 {Another strong move by
Anand. He wants to play a5 then a6 and tries to open the a-file. Now White's
attack looks quicker.} f6 13. Be3 ({The immediate} 13. a5 {could have been met
by} bxa5 14. Rxa5 b6 {followed by Kb7, Ra8 and Black is solid.}) 13... Nf4 {
Now Black is also ready to play for g5-g4!} 14. a5 $1 b5 15. d4 $6 {A mistake,
which underestimated Black's strong reply!} ({White should have played} 15. a6
$1 b6 (15... bxa6 16. Rxa6 $18 {and White has a winning attack.}) 16. Bxf4 (16.
d4 $5 {was also interesting. Here thanks to the a6 White is much better than
in the game.} Nxh3+ 17. gxh3 Bxh3 18. Re1) 16... exf4 17. Re1 $16 {and White
has a powerful position.}) 15... Nxh3+ $1 {A very strong sacrifice. Nakamura
immediately spotted his great chance!} 16. gxh3 Bxh3 17. dxe5 ({Still} 17. a6 {
was also an interesting option} bxa6 $1 18. Rxa6 Qe6 (18... Qd7 19. Nd2 $1) 19.
Nd2 $1 Qf7 20. Kh2 Bxf1 21. Nb3 $3 {a typical variation by Mr. Houdini 4!})
17... Qe6 18. Nd2 Bxf1 19. Qxf1 Qxe5 {The position has completely changed.
Black has a R and 2 P against a B and a N. Nevertheless the position is still
balanced.} 20. c3 (20. a6 {is already not so important, as} b6 {and later the
a6 P can be weak.}) 20... Kb8 21. a6 b6 22. Qg2 Rd6 $5 {A very ambitious move.
Nakamura prepares for f5 followed by Rg6.} ({The natural} 22... Rhe8 {was also
possible.}) 23. Nf1 $6 {A logical move, but it is an inaccuracy.} ({In the
event of} 23. Nb3 Re8 (23... f5 $6 {is not so good here, as} 24. exf5 Qxf5 25.
Nd4 Qg6 26. Bf4 {and White has defended against Black's attack; his position
is more promising.})) ({or even} 23. Bd4 Qe6 24. b4 {was also interesting with
an unclear fight.}) 23... f5 $1 24. exf5 Qxf5 {Suddenly the white K is very
weak. Black is threatening with Rg6 and h5-h4.} 25. Ng3 Qd7 26. Qe4 Ka7 $1 {
A very nice cool-blooded move! Now the K is safe and Black is ready for the
attack on the kingside.} 27. Kg2 h5 28. Qf5 {White wants to exchange the Qs,
but Black avoids this.} (28. Rh1 Rd5 $1 {and White's position is very
unpleasant.}) 28... Qe8 {Of course, Black doesn't exchange.} 29. Qe4 Qf7 30.
Kh1 (30. Qf5 Rf6 {and Black is winning.}) 30... h4 31. Ne2 (31. Nf5 {is also
not helping for White, as} Re6 32. Qd3 c5 $1 {and the f5 N is in big trouble.})
31... Re8 32. Qg4 Rg6 33. Qh3 Qd5+ 34. Kh2 Rxe3 $1 {The final beautiful
tactical blow!} 35. fxe3 Qd2 36. Qf1 Rf6 0-1